Aha - Take on Me Lyrics - Statistics

General Stats
  • This quiz has been taken 1,072 times
  • The average score is 31 of 41
Answer Stats
Hint Answer % Correct
Take on __ Me
98%
Take on __ Me
98%
Take on __ me
98%
Take me __ On
95%
Take me __ On
95%
Take me __ on
95%
(____ __ __) Take on me
91%
(____ __ __) Take on me
91%
(____ __ __) Take on me
91%
(____ __ __) Take on me
91%
(____ __ __) Take on me
91%
(____ __ __) Take on me
91%
(____ __ __) Take on me
91%
(____ __ __) Take on me
91%
In a ___ or two Day
89%
In a ___ or two Day
89%
In a ___ Day
89%
I'll say it ______ Anyway
88%
I'll be ____ Gone
88%
I'll be ____ Gone
88%
I'll be ____ Gone
88%
I don't know what I'm to ___ Say
87%
Talking ____ Away
86%
I'll be coming for your love, ____? Okay
71%
_____'_ another day to find you Today's
65%
So ________ to say Needless
64%
Take __ __ Me on
62%
It's no better to be ____ than _____ Safe, Sorry
59%
I'm odds and ____ Ends
58%
Take __ __ On me
58%
______ away Shying
58%
_'__ be ____ I'll, gone
56%
I'll be ______ for you anyway Coming
52%
You're all the things I've got to ________ Remember
52%
Say _____ me After
47%
__ _ ___ In a day
47%
Slowly ________ that life is okay Learning
46%
Oh, ______ that you say Things
44%
Is it life or just to play my _______ away? Worries
43%
___'__ shying away You're
40%
But I'll be _________ away Stumbling
37%
No matching quizzes found
Score Distribution
Percent of People with Each Score
Percentile by Number Answered
Your Score History
You have not taken this quiz